Quelles équipes de Formule 1 avaient un champion du monde dans l'équip - Statistiques

Statistiques générales
  • Ce quiz a été pris 73 fois
  • Le résultat moyen est 6 sur 16
Statistiques - réponses
Hint Réponse % Correct
Mercedes
95%
Ferrari
94%
McLaren
81%
Williams
58%
Lotus
42%
Brabham
37%
1950 Alfa Romeo
35%
Benetton
26%
2024 Red Bull Racing
26%
Brawn GP
19%
Cooper
19%
Maserati
18%
Tyrrell
18%
BRM
16%
Matra
10%
Renault F1 Team
5%
Aucun quiz correspondant
Distribution des résultats
% des personnes avec chaque résultat
Percentile par nombre de réponses
Votre historique - résultats
Vous n’avez pas pris ce quiz